000
00320nam a2200145Ia 4500
100
_a
Goode/William J/ Hatt /P.K
650
_a
Social Research
942
_c
BK
245
_a
Methods in Social Research
260
_b
McGraw - Hill
_c
1952
082
_a
301.072
_b
GOO
300
_a
386
546
_a
ENGLISH
999
_c
28545
_d
28545